000
00221 a2200097 4500
001
38030
100
_a
Collin R E
245
_a
Aircraft Performance
260
_a
G B
_b
Cambridge University
_c
1992
090
_c
24209
_d
24209
942
_a
NUST-CAE
_c
M
_c
15791
999
_c
273103
_d
273103